01072cam a2200241M 4500001001600000003000700016005001700023007000700040008004100047040002200088035002100110050000600131100002800137245009600165260003000261300001900291856008900310856010100399942000700500506015000507506015400657999001900811blueracer00huffCaSfIA20210117221053.0cr||||761005s1967 nyu aj 000 f eng d aotnycTOHdCaSfIA a(OCoLC)31744468814aS1 aHuff, Roderick Remmele.14aThe blue racer,h[electronic resource] cby Roderick Huff. Illustrated by Leonard Shortall. aNew York,bDuttonc[1967] a159 p.billus.41uhttp://www.archive.org/details/blueracer00huffzFree eBook from the Internet Archive42uhttp://www.openlibrary.org/books/OL24201926MzAdditional information and access via Open Library cEB fНеобхідна авторизація на https://archive.org/ (створення облікового запису безкоштовно) fНеобхідна авторизація на https://openlibrary.org/ (створення облікового запису безкоштовно) c475299d475299